| 000 | 00708nam a2200241 a 4500 | ||
|---|---|---|---|
| 001 | 000005351 | ||
| 003 | DO-SdBNP | ||
| 005 | 20171024092643.0 | ||
| 007 | 000005351 | ||
| 008 | 090819s1994 sp 000 0 spa d | ||
| 040 |
_aBPMSU _bspa _cBPMSU |
||
| 092 |
_axxxx _bxxxx |
||
| 100 | 1 | _aVerne, Julio | |
| 245 | 1 | 3 |
_aLa vuelta al mundo en 80 días / _cJulio Verne: ilustraciones José Lovera |
| 260 |
_aSanto Domingo : _bAlfa y Omega _c1994 |
||
| 300 |
_a206 p. ; _c23 cm. |
||
| 490 | 1 | _aClásicos universales | |
| 700 |
_aLovera, José _eil. |
||
| 830 | 0 | _aClásicos universales | |
| 942 |
_2ddc _cBK |
||
| 945 | _aTítulo remanejado para BNPHU / 2017 VM | ||
| 956 |
_aVMATEO _b10 _c20150508 _lBPMSU _h00151 |
||
| 999 |
_c7828 _d7828 |
||